आरोग्यासाठी औषधे. (Record no. 276461)

MARC details
000 -LEADER
fixed length control field 00637nam a2200181Ia 4500
008 - FIXED-LENGTH DATA ELEMENTS--GENERAL INFORMATION
fixed length control field 090630s9999 xx 000 0 und d
082 ## - DEWEY DECIMAL CLASSIFICATION NUMBER
Item number 24605
100 ## - MAIN ENTRY--PERSONAL NAME
Personal name महाले रमेश.
245 ## - TITLE STATEMENT
Title आरोग्यासाठी औषधे.
Statement of responsibility, etc महाले रमेश.
260 ## - PUBLICATION, DISTRIBUTION, ETC. (IMPRINT)
Name of publisher, distributor, etc महाजन पब्लि. हाऊस - पुणे.
300 ## - PHYSICAL DESCRIPTION
Extent 0
600 ## - SUBJECT ADDED ENTRY--PERSONAL NAME
Personal name महाले रमेश.
630 ## - SUBJECT ADDED ENTRY--UNIFORM TITLE
Uniform title आरोग्यासाठी औषधे.
655 ## - INDEX TERM--GENRE/FORM
Genre/form data or focus term इतर.
700 ## - ADDED ENTRY--PERSONAL NAME
Personal name महाले रमेश.
730 ## - ADDED ENTRY--UNIFORM TITLE
Uniform title आरोग्यासाठी औषधे.
942 ## - ADDED ENTRY ELEMENTS (KOHA)
Koha item type Book
Holdings
Withdrawn status Lost status Damaged status Not for loan Home library Current library Date acquired Cost, normal purchase price Total Checkouts Full call number Barcode Date last seen Cost, replacement price Price effective from Koha item type
        Sarvajanik Wachanalaya Shrivardhan Sarvajanik Wachanalaya Shrivardhan 10/02/2006 45.00   24605 SAWASHRI-24605 06/30/2009 45.00 06/30/2009 Book